Sports Quiz

Random Sports or NBA Quiz

NBA Top 40 Scoring Lefties Quiz Stats

 Plays Quiz Updated Oct 22, 2015

Challenge
Share
Tweet
Score 0/40 Timer 09:00
9 Plays Today
% Correct
David Robinson
96.7%
Chris Bosh
90.5%
Zach Randolph
84.2%
Chris Mullin
83.7%
Lamar Odom
81.6%
Manu Ginobili
79.9%
Derek Fisher
78.5%
Jalen Rose
78.1%
Bill Russell
75.3%
Tayshaun Prince
74.3%
James Harden
73.8%
David Lee
73%
Josh Smith
69.7%
Toni Kukoc
62.3%
Michael Redd
62.1%
Avery Johnson
60.8%
Nick Van Exel
59.7%
Derrick Coleman
48.9%
Anthony Mason
48.2%
Damon Stoudamire
47.8%
% Correct
Willis Reed
46.3%
Lenny Wilkens
46.2%
Gail Goodrich
44.9%
Artis Gilmore
42.3%
Dave Cowens
39.6%
Cuttino Mobley
39.1%
Tiny Archibald
38%
Kenny Anderson
36.4%
Sam Perkins
35.5%
Bob Lanier
33.9%
Billy Cunningham
27%
Wayman Tisdale
22.3%
Rodney Rogers
20.1%
John Lucas II
19.5%
Dick Barnett
10.2%
Michael Cage
10.1%
Jack Marin
3.8%
Johnny Green
2%
Guy Rodgers
1.9%
Steve Mix
1.6%

You're not logged in!

Compare scores with friends on all Sporcle quizzes.
Join for Free
OR
Log In

You Might Also Like...

Show Comments

Extras

Top Quizzes Today


Score Distribution

Your Account Isn't Verified!

In order to create a playlist on Sporcle, you need to verify the email address you used during registration. Go to your Sporcle Settings to finish the process.

Report this User

Report this user for behavior that violates our Community Guidelines.

Details: